02174nam a2200253 u 450000100070000000500170000700800410002403500110006504000130007604100080008908000070009711000780010424502160018226000440039830000120044252011340045465000200158865000300160865000550163865000710169394200090176499900170177395201300179020693520260506080155.0980612s1997 spa  a206935 ccomduadb aspa aSS20aColombia. Consejo Nacional de Seguridad Social en Salud4auteaut982969510aAcuerdo 68 de 1997 : por el cual se fijan los criterios de distribucion de unos recursos de la subcuenta eventos catastroficos y accidentes de transito : ECAT y de solidaridad del fondo de solidaridad y garantia aBogotá :bMinisterio de Salud,c1997. a5 hojas3 aDistribucion recursos Subcuentas ECAT y Solidaridad excedentes/96 para vinculados? Para cofinanciar los servicios asistenciales a la poblacion vinculada a traves de IPS publicas y Privadas que tengan contrato con la nacion para atender poblacion pobre. La asignacion se hara mediante facturacion (certificar volumen de pacientes atendidos) expedida por la IPS y radicada en el Minsalud (Direccion de Presupuestacion y Control de Gestion) a mas tardar Agosto 15/97. ? La certificacion reportara: N? total de consultas de medicina general y especializada, N? Urgencias, N? de egresos hospitalarios quirurgicos y no quirurgicos, mas egresos obstetricos. En hospitales mentales N? de consultas psiquiatricas, de urgencias, porcentaje ocupacional e indices de rendimientos propios. ? Se asume que quienes no presenten la certificacion tienen presupuesto suficiente para financiar los servicios. ? El Minsalud definira distribucion de acuerdo a criterios, entre otros priorizara IPS 2? y 3er nivel que demuestren eficiencia en su gestion. Tambien publicado en la Revista Legislacion Economica, Vol. 91, No. 1078 (Sep. 1997); p. 625-626 aAcuerdos953648 aAcuerdo 68 de 1997935262 aFOSYGA (Fondo de Solidaridad y Garantía)9173698 aSubcuenta de riesgos catastroficos y accidentes de transito955192 cBOOK c83589d83589 001040708SEGUR. SOCaBSPbBSPd1998-06-12iC281107l0oSS 00322p61000000470688r2023-04-22 00:00:00t1w2023-04-22yFOIMP